000 00515nam a22001697a 4500
005 20240927071032.0
008 240927b |||||||| |||| 00| 0 eng d
020 _a0409005983
041 _aEnglish
082 _a348 SOU
100 _lEnglish
245 _aThe South African Encyclopaedia of Forms and Precedents /
_cC Weinberg
260 _aDurban:
_bButterworth Publishers,
_c1979
300 _bxxxvi, 221 pages;
_c26 cm.
650 _aLegal practice
_bLaw
942 _cBK
_6ALISON_BN_VRIES
999 _c3142
_d3142